1343 1749 1737 1585 1290 1769 1922 1053 1857 1676 1510 1253 1183 1680 1904 1231 1094 1226 1854 1910 1679 1249 1009 1698 1248 1520 1993 1097 1903 1141 1221 1053 1353 1146 1090 1350 1734 1369 1902 1610 1441 1909 1903 1608 1783 1612 1122 1319 1945 1682 1521 1804 1632 1999 1240 1684 1738 1114 1598 1446 1472 1385 1724 1069 1169 1704 1783 1946 1681 1948 1552 1603 1224 1930 1439 1203 1434 1506 1291 1827 1325 1151 1038 1522 1040 1641 1101 1883 1960 1148 1188 1311 1940 1781 1391 1692 1137 1825 1939 BCNSPRNW ULIB Ver.6.0+V

เปลี่ยนเป็นภาษาไทย

Change to English
 แสดงรายละเอียดบรรณานุกรม
  กลับหน้าหลัก

Brief Record : Get Marc (ISO 2709) : E-mail record : QR code < ปิดหน้าต่าง
LEADER : 00000nam 2200000uu 4500
001    13399110560
003     ULIB
008    110602s2547||||th 000 0 tha d
020    9749213831
050  4 BQ4190^bค167ห 2547
100 0  ครูไวทย์ สันตยารมณ์
245 10 วรรณกรรมสำหรับผู้สูงอายุ เล่มที่ 2 ต่อจากเรื่องเวลาที่เหลือเพื่อความดีงาม เรื่องพระจันทร์ พ้นจากเมฆ /^cครูไวทย์ สันตยารมณ์
260    กรุงเทพฯ :^bบ้านครูไวทย์,^c2547
300    111 หน้า ;^c22 ซม.
650  7 ธรรมะ
650  7 นวนิยายอิงธรรม
650  7 ธรรม^vรวมเรื่อง
945    ^p130^l0^i030126
945    ^p130^l0^i030124
945    ^p130^l0^i030125
995    เกษร
999     ^aใช้งานได้ทุกระบบ
รายการนี้ยังไม่มีแท็ก
คุณยังไม่ได้ล็อกอิน คุณสามารถมีกิจกรรมร่วมกับเว็บไซต์ได้ แต่ต้องล็อกอินก่อน ::
  ล็อกอิน

รายการสื่อสารสนเทศ

ลำดับที่ ประเภท เลขเรียก/บาร์โค้ด สถานที่ สถานะ
- ไม่พบข้อมูล -

รายการใกล้เคียง
    ผู้แต่ง [ครูไวทย์ สันตยารมณ์]

    หัวเรื่อง [ธรรมะ]
    หัวเรื่อง [นวนิยายอิงธรรม]

BibComment


ยังไม่เคยถูกคอมเมนท์

คอมเมนท์ทรัพยากรรายการนี้
  คอมเมนท์: วรรณกรรมสำหรับผู้..


 Copyright 2026. Bcnsprnw @Library